Jeux vidéo en image - T - Statistiques

Statistiques générales
  • Ce quiz a été pris 87 fois
    79 depuis la dernière actualisation
  • Le résultat moyen est 9 sur 20
Statistiques - réponses
Par images Réponse % Correct
The Witcher 3: Wild Hunt
97%
The Legend of Zelda: Breath of the Wild
92%
The Last of Us Part I
89%
Tomb Raider
86%
Team Fortress 2
73%
Titanfall 2
73%
Trackmania
73%
Tekken 8
67%
Terraria
52%
Tropico 6
45%
The Forest
42%
The Evil Within 2
36%
Totally Accurate Battle Simulator
31%
The Outer Worlds
25%
The Callisto Protocol
23%
Tiny Tina s Wonderlands
17%
The Talos Principle
13%
Transistor
6%
The Case of the Golden Idol
3%
The Room 4: Old Sins
3%
Aucun quiz correspondant
Distribution des résultats
% des personnes avec chaque résultat
Percentile par nombre de réponses
Votre historique - résultats
Vous n’avez pas pris ce quiz depuis la dernière actualisation